Statistics for Japanese Cities: Hearts of Iron 4

Click here to take the quiz!

General Stats

  • This quiz has been taken 33 times
  • The average score is 18 of 30

Answer Stats

StateVictory PointsCity% Correct
Kanto50Tokyo
100%
Kyushu30Nagasaki
97%
Kansai40Osaka
97%
Chugoku30Hiroshima
90%
South Korea3Seoul
90%
Taiwan5Taipei
90%
North Korea1Pyongyang
86%
Tokai25Nagoya
83%
Hokkaido15Sapporo
83%
South Korea1Pusan
79%
Okinawa10Naha
72%
Tohoku15Sendai
72%
Iwo Jima5Iwo Jima
69%
Saipan1Saipan
69%
Dalian1Dalian
66%
Kyushu15Kagoshima
59%
Hokuriku10Niigata
55%
Taiwan1Gaoxiong
52%
Shikoku10Kochi
52%
Tokai3Shizuoka
52%
Tohoku5Aomori
45%
South Sakhalin1Toyohara
45%
Palau1North Palau
41%
Koshinetsu15Kanazawa
31%
Kyushu10Kokura
31%
Hokkaido5Asahigawa
21%
Caroline Islands1Yap
21%
Marshall Islands1Kwajalein
10%
Marshall Islands1Eniwetok
7%
Caroline Islands5Truk
7%

Score Distribution

Percentile by Number Answered

Percent of People with Each Score

Your Score History

You have not taken this quiz